Historia, memoria y cine documental : (Registro nro. 22038)
[ vista simple ]
| 000 -Cabecera | |
|---|---|
| Campo de control interno | 00933nam a2200265Ia 4500 |
| 005 - Fecha y hora del registro | |
| control field | 20260320113336.0 |
| 008 - Elementos de Longitud Fija | |
| fixed length control field | 260320s9999||||xx |||||||||||||| ||und|| |
| 020 ## - ISBN | |
| ISBN | 9786124102905 |
| 041 ## - Idioma | |
| Codigo Idioma | ESP |
| 082 ## - DEWEY y NOTACIÓN INTERNA | |
| Dewey | 791.436 |
| Notación Interna | H87 |
| 100 ## - AUTOR | |
| Autor denominación | Huerta Vera, María Claudia, |
| Término de relación | autor |
| 245 #0 - TÍTULO DE MATERIAL BIBLIOGRÁFICO | |
| Título | Historia, memoria y cine documental : |
| Título paralelo | imágenes del conflicto armado interno peruano |
| 246 ## - TÍTULO TRADUCIDO | |
| Título | |
| Título paralelo | |
| Autor | |
| 250 ## - EDICIÓN | |
| Edición | Primera edición |
| 260 ## - CIUDAD, EDITORIAL, AÑO | |
| Ciudad | Lima : |
| Nombre de la Editorial | Universidad Antonio Ruiz de Montoya, |
| Año | 2025 |
| 300 ## - DESCRIPCIÓN | |
| N° Páginas | 69 páginas : |
| Otros detalles | |
| Dimensiones | 19 cm. |
| Material Adicional | |
| 440 ## - MENCIÓN DE SERIE | |
| Título de la Serie | (Aportes para una historia cultural del Perú contemporáneo) |
| Número de Serie | |
| Volumen de Serie | |
| 650 ## - TEMAS | |
| Temas | Las Artes |
| 653 ## - DESCRIPTORES | |
| Lenguajes no controlado | Cine; Películas cinomatográficas; Conflicto armado; Memoria colectiva |
| 654 ## - PROGRAMAS | |
| Programa | Dpto. de Humanidades |
| 700 ## - OTROS AUTORES | |
| Otros autores | |
| Títulos y otras palabras asociadas con el nombre | |
| 856 ## - URL - UBICACIÓN | |
| URI/URL: Enlace exacto del recurso | <a href="https://0u20jo9hc-y-https-www-jstor-org.itmsp.museknowledge.com/">https://0u20jo9hc-y-https-www-jstor-org.itmsp.museknowledge.com/</a> |
| Nota pública: Versión digital | <a href="Véase además: Base de datos JSTOR">Véase además: Base de datos JSTOR</a> |
| 942 ## - ELEMENTOS DE KOHA | |
| Tipo de documento | Libro |
| Nombre del creador | Justo Noguera |
| Código de catalogador | Margarita Torres |
| Esquema de clasificación | Dewey Decimal Classification |
| Suppress in OPAC | |
| Codigo completo | Registro | Colección | Copia número | Disponibilidad | Tipo de préstamo | Biblioteca Actual | Procedencia (Biblioteca) | Ubicacón | Fecha Ingreso | Tipo de Adquisición | Observación | Date last seen | Total checkouts | Price effective from | Tipo de Item | Estado del Material | Fuente de Clasificación | Damaged status | Withdrawn status |
|---|---|---|---|---|---|---|---|---|---|---|---|---|---|---|---|---|---|---|---|
| 791.436 H87 | 1087273 | Universidad Católica San Pablo | 1 | Disponible | Disponible | Víctor Andrés Belaunde | Víctor Andrés Belaunde | Segundo piso | 10/03/2026 | Donación | UARM | 20/03/2026 | 20/03/2026 | Libro | Bueno | Dewey Decimal Classification |




